00938nam a22002177a 45000010005000000030006000050050017000110080041000280200018000690400029000870820008001161000021001242450080001452600043002253000049002685050008003175200314003255210029006395210020006687000032006889801FISKH20260226095302.0260226b cb ||||| |||| 00| 0 eng d a9780478265026 aFISKHbengcFISKHdFISKH a823 aWerry , Philippa aFour times around the track /cPhilippa Werry : illustrated by Darcy Solia  aWellington : bLearning Media ,c2002. a8 pages : bcolor illustrations ; c19 cm .  aN  aThis book is about a child who takes part in a race running four times around the track. During the race, he feels nervous and unsure of himself, but he tries to be patient, keeps running, and does not give up. Through hard work and encouragement, he finishes the race and gains greater confidence in himself.8 a550 bLexile estimate 8 aN bRaz-Plus  aSolia , DarcyeIllustrator